| 000 | 00413nam a2200157 i 4500 | ||
|---|---|---|---|
| 001 | 90163 | ||
| 003 | ES-MaACL | ||
| 005 | 20230906180352.0 | ||
| 007 | t| | ||
| 008 | 050119s1906 fr ||||1| fre d | ||
| 100 | 1 |
_aLe Dantec, Félix. _970865 |
|
| 245 | 1 | 2 |
_aL'athéisme / _cFélix Le Dantec. |
| 260 |
_aParis : _b[s.n., _c1906] ( _fHemmerlé et Cie.) |
||
| 300 |
_a310 p. ; _c19 cm. |
||
| 852 |
_aES-MaACL _jF-6128 |
||
| 999 |
_c90163 _d90163 |
||